<?xml version="1.0" encoding="UTF-8"?>
<marc:record xmlns:marc="http://www.loc.gov/MARC21/slim">
   <marc:leader>00000nam a2200000 a 4500</marc:leader>
   <marc:datafield ind1="1" ind2=" " tag="100">
      <marc:subfield code="a">Kinney, Jeff</marc:subfield>
      <marc:subfield code="4">aut</marc:subfield>
      <marc:subfield code="e">Verfasser/-in</marc:subfield>
   </marc:datafield>
   <marc:datafield ind1="0" ind2="0" tag="245">
      <marc:subfield code="a">Gregs Tagebuch - Böse Falle!</marc:subfield>
   </marc:datafield>
   <marc:datafield ind1=" " ind2="1" tag="264">
      <marc:subfield code="b">Baumhaus Verlag</marc:subfield>
      <marc:subfield code="c">2014</marc:subfield>
   </marc:datafield>
   <marc:datafield ind1="1" ind2=" " tag="490">
      <marc:subfield code="a">Gregs Tagebuch</marc:subfield>
   </marc:datafield>
   <marc:datafield ind1="1" ind2=" " tag="520">
      <marc:subfield code="a">Wenn jemand eine Reise tut, so kann er was erzählen. Und wenn dieser Jemand Greg Heffley heißt, ist das Chaos vorprogrammiert. Dann gibt es jede Menge zu erzählen. Denn nicht nur Greg ist unterwegs, sondern die gesamte Familie Heffley. Auf einem Roadtrip der besonderen Art. Waren alle auf Toilette? Haben wir niemanden vergessen? Alles klar. Dann schnallt euch an und seid gespannt...</marc:subfield>
   </marc:datafield>
   <marc:datafield ind1=" " ind2=" " tag="020">
      <marc:subfield code="a">9783833936500</marc:subfield>
      <marc:subfield code="9">9783833936500</marc:subfield>
   </marc:datafield>
</marc:record>
